Fünfer Paare - Statistiken

Allgemein
  • Dieses Quiz wurde 305 mal gespielt
    284 seit der letzten Aktualisierung
  • Das Durchschnittsergebnis liegt bei 8 aus 11
Antwortstatistiken
Hint Antwort % Korrekt
1,2,3,4, 5
100%
a,b,c,d, e
100%
Montag, Dienstag, Mittwoch, Donnerstag, Freitag
98%
Afrika, Amerika, Ozeanien, Asien, Europa
97%
sehen, hören, schmecken, fühlen, riechen
92%
Auge, Haut, Nase, Zunge, Ohr
86%
Christentum, Islam, Hinduismus, Judentum, Buddhismus
77%
Löwe, Leopard, Büffel, Nashorn, Elefant
61%
Niall Horan, Zayn Malik, Liam Payne, Louis Tomlinson Harry Styles
43%
Obere See, Michigansee, Huronsee, Ontariosee Eriesee
28%
Eleven (Elf), Mike, Dustin, Lucas, Will
14%
Keine übereinstimmenden Quizze gefunden
Verteilung der Resultate
Anzahl Personen mit jedem Resultat
Perzentil nach korrekt beantworteten Fragen
Ihre Resultats-Entwicklung
Sie haben dieses Quiz seit der letzten Aktualisierung nicht gespielt